00576nam a2200157Ia 4500003000900000008004100009020002600050020002700076040001600103100002600119245008300145260003200228300002000260490003400280856010400314IN-BaIIA211028s9999 xx s 000 0 eng d a9781510626676 (Print) a9781510626683 (Online) cIIA Library aHolst, Gerald C., ed. 0aInfrared Imaging Systems: Design, Analysis, Modeling, and Testing XXXh[eBook] aWashington, USAbSPIEc2019 aOnline resource aProceedings of SPIE; V. 11001 uhttps://www.spiedigitallibrary.org/conference-proceedings-of-spie/11001yClick Here to Access eBook